Les paroles de la chanson du quoicoubebou des montagnes inoxtag - Statistiques

Statistiques générales
  • Ce quiz a été pris 260 fois
  • Le résultat moyen est 27 sur 33
Statistiques - réponses
Paroles % Correct
Inoxtag
97%
T
97%
A
96%
Qu
96%
La
95%
La
95%
Mon
95%
Te
94%
Tu
94%
Manque
93%
Manque
93%
Terre
93%
Entiere
92%
Des
90%
C
88%
Montagnes
88%
Ne
85%
Ne
85%
Pas
85%
Pas
85%
Chiasse
82%
Quoicoubebou
82%
J
80%
Espere
73%
Trop
71%
Ace
70%
Michou
70%
Il
66%
Est
64%
Sur
64%
Pleurer
61%
Arreteras
59%
Doit
54%
Aucun quiz correspondant
Distribution des résultats
% des personnes avec chaque résultat
Percentile par nombre de réponses
Votre historique - résultats
Vous n’avez pas pris ce quiz